[Event "Faculdade Crista da Amazonia op 16th"]
[Site "Faculdade Crista da Amazonia"]
[Date "2021.08.28"]
[Round "2"]
[White "Viana, Aline Nascimento"]
[Black "Quaresma, Givanildo Ribeiro"]
[Result "0-1"]
[WhiteElo "1679"]
[BlackElo "1638"]
[PlyCount "88"]
[EventDate "2021.08.27"]
[EventType "swiss"]
[EventRounds "5"]
[EventCountry "BRA"]
[SourceTitle "CBM 204 Extra"]
[Source "ChessBase"]
[SourceDate "2021.11.30"]
[SourceVersion "1"]
[SourceVersionDate "2021.11.30"]
[SourceQuality "1"]

1. e4 e5 2. Nf3 Nf6 3. Nc3 Bc5 4. Nxe5 Qe7 5. d4 Bb4 6. Bd3 d6 7. Nf3 Nxe4 8. 0-0 Nxc3 9. bxc3 Bxc3 10. Rb1 0-0 11. Rb3 Ba5 12. c4 c6 13. Bg5 f6 14. Bh4 Bg4 15. Qc2 g6 16. Nd2 Na6 17. a3 Rae8 18. h3 Be2 19. Re1 Bxd3 20. Rxe7 Bxc2 21. Rxe8 Rxe8 22. Rb2 Bxd2 23. Rxc2 Bf4 24. f3 g5 25. Bf2 Be3 26. Rb2 b6 27. a4 Kf7 28. g4 Bxf2+ 29. Kxf2 c5 30. Rd2 Nc7 31. dxc5 dxc5 32. a5 Ne6 33. axb6 axb6 34. Rd6 Rb8 35. Rd7+ Kg6 36. Rd6 Nf4 37. Kg3 b5 38. Rc6 b4 39. Rxc5 b3 40. h4 b2 41. h5+ Nxh5+ 42. gxh5+ Kxh5 43. f4 b1Q 44. fxg5 Qg1+ 0-1

[Event "Macapa Villa Nova Shopping Etapa 5"]
[Site "Macapa"]
[Date "2017.06.28"]
[Round "4.7"]
[White "Vaz, Jose Angelo"]
[Black "Viana, Aline Nascimento"]
[Result "1/2-1/2"]
[WhiteElo "1821"]
[BlackElo "1653"]
[PlyCount "20"]
[EventDate "2017.06.23"]
[EventType "swiss"]
[EventRounds "5"]
[EventCountry "BRA"]
[SourceTitle "EXT 2022"]
[Source "ChessBase"]
[SourceDate "2021.10.06"]
[SourceVersion "1"]
[SourceVersionDate "2021.10.06"]
[SourceQuality "1"]

1. d4 e6 2. c4 Nf6 3. Nc3 b6 4. e4 Bb4 5. Bd3 Bb7 6. Qe2 Nc6 7. Nf3 Bxc3+ 8. bxc3 h6 9. e5 Nh7 10. h4 Ne7 1/2-1/2

[Event "Macapa Villa Nova Shopping Etapa 5"]
[Site "Macapa"]
[Date "2017.06.26"]
[Round "1.2"]
[White "Viana, Aline Nascimento"]
[Black "Machado, Hualason Jose Soare"]
[Result "1/2-1/2"]
[WhiteElo "1653"]
[BlackElo "2034"]
[PlyCount "20"]
[EventDate "2017.06.23"]
[EventType "swiss"]
[EventRounds "5"]
[EventCountry "BRA"]
[SourceTitle "EXT 2022"]
[Source "ChessBase"]
[SourceDate "2021.10.06"]
[SourceVersion "1"]
[SourceVersionDate "2021.10.06"]
[SourceQuality "1"]

1. e4 e5 2. Nf3 Nc6 3. d4 exd4 4. Bb5 Bb4+ 5. Bd2 Bc5 6. 0-0 a6 7. Bxc6 dxc6 8. Re1 Ne7 9. Bf4 0-0 10. a3 Ng6 1/2-1/2

[Event "Belem Velha op 3rd"]
[Site "Belem"]
[Date "2015.05.03"]
[Round "7"]
[White "Viana, Aline Nascimento"]
[Black "Farias, Sergio Luiz Cardoso"]
[Result "0-1"]
[WhiteElo "1800"]
[BlackElo "1599"]
[PlyCount "73"]
[EventDate "2015.04.30"]
[EventType "swiss"]
[EventRounds "7"]
[EventCountry "BRA"]
[SourceTitle "CBM 166 Extra"]
[Source "ChessBase"]
[SourceDate "2015.06.18"]
[SourceVersion "1"]
[SourceVersionDate "2015.06.18"]
[SourceQuality "1"]

1. e4 d5 2. e5 Nc6 3. Nf3 Bg4 4. d4 e6 5. Be2 h6 6. Be3 f6 7. Nc3 Bxf3 8. Bxf3 fxe5 9. Bh5+ Kd7 10. dxe5 Nxe5 11. 0-0 Nf6 12. Be2 c6 13. f4 Nf7 14. Na4 Kc8 15. Nc5 Qa5 16. Nb3 Qc7 17. c4 b6 18. cxd5 exd5 19. Rc1 Kb7 20. Nd4 Bc5 21. Kh1 Rhe8 22. Bg1 Re4 23. a4 Rae8 24. Rc2 Rxf4 25. h3 Ne4 26. Rxf4 Qxf4 27. Bf3 Ng3+ 28. Kh2 Ne2+ 29. Kh1 Nxg1 30. Qxg1 Bxd4 31. Qc1 Qd6 32. b4 Ng5 33. Qf1 Qxb4 34. Re2 Rxe2 35. Bxe2 Qe7 36. Ba6+ Kc7 37. Qf4+ 0-1

[Event "Belem Velha op 3rd"]
[Site "Belem"]
[Date "2015.05.01"]
[Round "3"]
[White "Viana, Aline Nascimento"]
[Black "Alboredo, Julia"]
[Result "0-1"]
[WhiteElo "1800"]
[BlackElo "2019"]
[PlyCount "66"]
[EventDate "2015.04.30"]
[EventType "swiss"]
[EventRounds "7"]
[EventCountry "BRA"]
[SourceTitle "CBM 166 Extra"]
[Source "ChessBase"]
[SourceDate "2015.06.18"]
[SourceVersion "1"]
[SourceVersionDate "2015.06.18"]
[SourceQuality "1"]

1. e4 c5 2. Nf3 Nc6 3. Nc3 g6 4. d4 cxd4 5. Nxd4 Bg7 6. Be3 d6 7. Be2 Nf6 8. 0-0 0-0 9. f4 Bd7 10. f5 Qb6 11. Qd2 Nxe4 12. Nxe4 Bxd4 13. Bxd4 Qxd4+ 14. Qxd4 Nxd4 15. Bd3 Bxf5 16. Rae1 Rac8 17. c3 Ne6 18. h4 h5 19. Re3 a6 20. Rg3 Ng7 21. Nd2 Bxd3 22. Rxd3 Nf5 23. g3 b5 24. b4 Rc7 25. Ne4 Rfc8 26. Rff3 Rc6 27. Kh2 Nh6 28. Kh3 Ng4 29. Rf1 f5 30. Ng5 Rxc3 31. Rdf3 Rc2 32. Rh1 Rxa2 33. Ne6 Rcc2 0-1